<?xml version="1.0" encoding="UTF-8"?>
<collection xmlns="http://www.loc.gov/MARC21/slim">
 <record>
  <leader>00545nam a22001695a 4500</leader>
  <controlfield tag="001">EUN.um042589</controlfield>
  <controlfield tag="003">AR-BaUNS</controlfield>
  <controlfield tag="005">20050623122913.0</controlfield>
  <controlfield tag="008">041125s1916####ag############000#0#spa#d</controlfield>
  <datafield tag="245" ind1="1" ind2="4">
   <subfield code="a">Los cazadores de cabelleras /</subfield>
   <subfield code="c">Thomas Maine Reid.</subfield>
  </datafield>
  <datafield tag="260" ind1=" " ind2=" ">
   <subfield code="a">Buenos Aires :</subfield>
   <subfield code="b">Biblioteca de &quot;La Nación&quot;,</subfield>
   <subfield code="c">1916.</subfield>
  </datafield>
  <datafield tag="300" ind1=" " ind2=" ">
   <subfield code="a">2 v.</subfield>
  </datafield>
  <datafield tag="490" ind1="0" ind2=" ">
   <subfield code="a">Biblioteca de &quot;La Nación&quot;, v. 684, 685</subfield>
  </datafield>
  <datafield tag="100" ind1="1" ind2=" ">
   <subfield code="a">Reid, Thomas Maine.</subfield>
  </datafield>
  <datafield tag="082" ind1="0" ind2="4">
   <subfield code="a">800.8</subfield>
  </datafield>
  <datafield tag="653" ind1=" " ind2=" ">
   <subfield code="a">Biblioteca de la nacion</subfield>
  </datafield>
  <datafield tag="859" ind1=" " ind2=" ">
   <subfield code="a">Ar-BaUNS</subfield>
   <subfield code="b">BIB. CENTRAL - Sector C</subfield>
   <subfield code="h">800.8</subfield>
   <subfield code="i">B471</subfield>
   <subfield code="p">57104/970</subfield>
   <subfield code="v">v.685-2</subfield>
  </datafield>
 </record>
</collection>
